[Event "13. KUP SS OBZ"]
[Site "Valpovo"]
[Date "2020.02.21"]
[Round "1.1"]
[White "Mican, Mato"]
[Black "Berke, Ana"]
[Result "0-1"]
[WhiteElo "2032"]
[BlackElo "2113"]
[PlyCount "84"]
[EventDate "2020.02.21"]
[WhiteTeam "ŠK ĐAKOVO LIM-MONT II, Đakovo"]
[BlackTeam "ŠK BELIŠĆE, Belišće"]

1. e4 c5 2. Nc3 e6 3. f4 d5 4. Bb5+ Bd7 5. Bxd7+ Qxd7 6. d3 Nc6 7. Nf3 Nf6 8.
O-O dxe4 9. dxe4 Qxd1 10. Rxd1 Rd8 11. Be3 Ng4 12. Rxd8+ Nxd8 13. Bf2 Nc6 14.
Rd1 Nxf2 15. Kxf2 c4 16. a3 Bc5+ 17. Ke2 a6 18. e5 h6 19. Ne4 Be7 20. Nd4 Na5
21. f5 exf5 22. Nxf5 g6 23. Nfd6+ Bxd6 24. Nf6+ Ke7 25. Rxd6 Rc8 26. Nd5+ Kf8
27. Nb6 Re8 28. Rd5 Re6 29. Nd7+ Ke7 30. Nc5 Rc6 31. Kf3 b5 32. Ke4 h5 33. Kd4
g5 34. Rd7+ Ke8 35. Rd6 Ke7 36. Kd5 Rxc5+ 37. Kxc5 Nb7+ 38. Kd5 Nxd6 39. exd6+
Kd7 40. Ke5 a5 41. Kf5 b4 42. Kxg5 c3 0-1

[Event "13. KUP SS OBZ"]
[Site "Valpovo"]
[Date "2020.02.21"]
[Round "1.1"]
[White "Basrak, Srdjan"]
[Black "Skocibusic, Ivo"]
[Result "1-0"]
[WhiteElo "2210"]
[BlackElo "1913"]
[PlyCount "85"]
[EventDate "2020.02.21"]
[WhiteTeam "ŠK BELIŠĆE, Belišće"]
[BlackTeam "ŠK ĐAKOVO LIM-MONT II, Đakovo"]

1. e4 e6 2. d4 d5 3. e5 c5 4. c3 Nc6 5. Nf3 Qb6 6. a3 c4 7. Be2 Na5 8. Nbd2 Bd7
9. O-O Ne7 10. Rb1 Qc7 11. Ne1 b5 12. f4 Nac6 13. b4 cxb3 14. Bxb5 Nxe5 15.
Qxb3 N5c6 16. Ndf3 a6 17. Bd3 Rb8 18. Qc2 Rxb1 19. Qxb1 Qa5 20. Qb3 Bc8 21. Nc2
Ng6 22. Nb4 Bxb4 23. axb4 Qb6 24. f5 Nge7 25. fxe6 fxe6 26. Ng5 Rf8 27. Rxf8+
Kxf8 28. Nxh7+ Kg8 29. Qd1 e5 30. Qh5 e4 31. Be2 Bf5 32. Ng5 Bg6 33. Qh3 Nxd4
34. cxd4 Qxb4 35. Qe3 Nf5 36. Qd2 Qxd4+ 37. Qxd4 Nxd4 38. Bxa6 Nc2 39. Bb7 e3
40. Bxd5+ Kh8 41. Bc4 Bh5 42. Nf3 g5 43. Nxg5 1-0

[Event "13. KUP SS OBZ"]
[Site "Valpovo"]
[Date "2020.02.21"]
[Round "1.1"]
[White "Macanga, Branko"]
[Black "Buric, Danijel"]
[Result "0-1"]
[WhiteElo "1798"]
[BlackElo "2169"]
[PlyCount "64"]
[EventDate "2020.02.21"]
[WhiteTeam "ŠK ĐAKOVO LIM-MONT II, Đakovo"]
[BlackTeam "ŠK BELIŠĆE, Belišće"]

1. Nf3 g6 2. c4 Bg7 3. g3 f5 4. d4 Nc6 5. Bg2 d6 6. O-O Nh6 7. d5 Ne5 8. Nxe5
dxe5 9. e3 O-O 10. c5 e4 11. Qb3 Nf7 12. f4 c6 13. dxc6 bxc6 14. Rd1 Qa5 15.
Bd2 Qxc5 16. Bb4 Qb6 17. Nc3 Rb8 18. Bxe7 Qc7 19. Qxb8 Qxb8 20. Bxf8 Kxf8 21.
Na4 Be6 22. Rac1 Bxb2 23. Nxb2 Qxb2 24. Rxc6 Qe2 25. Rdc1 Qxe3+ 26. Kh1 Bxa2
27. R6c3 Qd4 28. h3 Kg7 29. Ra3 Qb2 30. Rcc3 a5 31. g4 a4 32. gxf5 Bb3 0-1

[Event "13. KUP SS OBZ"]
[Site "Valpovo"]
[Date "2020.02.21"]
[Round "1.1"]
[White "Huis, Dinko"]
[Black "Ascic, Jozo"]
[Result "1-0"]
[WhiteElo "2145"]
[BlackElo "1825"]
[PlyCount "95"]
[EventDate "2020.02.21"]
[WhiteTeam "ŠK BELIŠĆE, Belišće"]
[BlackTeam "ŠK ĐAKOVO LIM-MONT II, Đakovo"]

1. e4 e5 2. Nf3 Nc6 3. Bb5 a6 4. Ba4 b5 5. Bb3 Be7 6. O-O Nf6 7. Re1 O-O 8. a4
Rb8 9. c3 d6 10. d3 Bg4 11. Nbd2 Na5 12. Ba2 c5 13. axb5 axb5 14. h3 Bh5 15.
Nf1 Nc6 16. Bg5 Nd7 17. Bxe7 Qxe7 18. Ng3 Bg6 19. Bd5 Rb6 20. Qb3 Nd8 21. Ra7
Qe8 22. Nh4 Nf6 23. Ngf5 Bxf5 24. Nxf5 Nxd5 25. Qxd5 Qe6 26. Rea1 Qxd5 27. Ne7+
Kh8 28. Nxd5 Rb7 29. Rxb7 Nxb7 30. Ra7 Nd8 31. Rd7 g6 32. Rxd6 c4 33. dxc4 bxc4
34. Ne3 Nb7 35. Rd5 Rc8 36. Rxe5 Nc5 37. Re7 Nd3 38. Rb7 Re8 39. Nxc4 Rxe4 40.
Ne3 f5 41. b4 f4 42. Ng4 Re1+ 43. Kh2 Kg8 44. Rd7 Rd1 45. Nf6+ Kf8 46. Nxh7+
Ke8 47. Nf6+ Kf8 48. f3 1-0

[Event "13. KUP SS OBZ"]
[Site "Valpovo"]
[Date "2020.02.21"]
[Round "1.2"]
[White "Grandic, Zvjezdan"]
[Black "Drmic, Bozo"]
[Result "1-0"]
[WhiteElo "2176"]
[BlackElo "1953"]
[PlyCount "103"]
[EventDate "2020.02.21"]
[WhiteTeam "ŠK SLAVONAC, Našice"]
[BlackTeam "ŠK VIŠNJEVAC, Višnjevac"]

1. e4 d6 2. d4 Nf6 3. f3 c6 4. Nc3 Nbd7 5. Be3 e5 6. Qd2 Qc7 7. O-O-O Be7 8. g4
a5 9. Nge2 a4 10. Ng3 a3 11. b3 g6 12. g5 Nh5 13. Nxh5 gxh5 14. f4 b5 15. Be2
Nb6 16. Bxh5 b4 17. dxe5 dxe5 18. Nb5 cxb5 19. Bxb6 Qxb6 20. Qd5 O-O 21. g6 Bb7
22. gxf7+ Kh8 23. Qxe5+ Bf6 24. Qd6 Qe3+ 25. Qd2 Qxe4 26. Rhg1 Rad8 27. Qf2
Rxd1+ 28. Rxd1 Bd5 29. Qc5 Qxf4+ 30. Rd2 Qf1+ 31. Bd1 Rxf7 32. Qxd5 Bc3 33.
Qa8+ Rf8 34. Rd8 Qf4+ 35. Kb1 Bg7 36. Rxf8+ Bxf8 37. Qf3 Qd6 38. c3 Be7 39.
cxb4 Bf6 40. Qa8+ Kg7 41. Qb7+ Kh6 42. Bc2 Bg7 43. Qe4 Qf6 44. Qe3+ Kh5 45.
Qh3+ Kg5 46. Qg3+ Kh6 47. Qe3+ Kh5 48. Bd1+ Kg6 49. Qe4+ Kh6 50. Qe3+ Kg6 51.
Qd3+ Kh6 52. Qh3+ 1-0

[Event "13. KUP SS OBZ"]
[Site "Valpovo"]
[Date "2020.02.21"]
[Round "1.2"]
[White "Medak, Mario"]
[Black "Dutina, Dario"]
[Result "0-1"]
[WhiteElo "1810"]
[BlackElo "2228"]
[PlyCount "48"]
[EventDate "2020.02.21"]
[WhiteTeam "ŠK VIŠNJEVAC, Višnjevac"]
[BlackTeam "ŠK SLAVONAC, Našice"]

1. d4 d6 2. Nf3 Bg4 3. Bf4 Bxf3 4. exf3 c6 5. c3 Nf6 6. Bd3 e6 7. O-O d5 8. Nd2
Be7 9. Bg5 h6 10. Bh4 Nbd7 11. f4 c5 12. Nf3 cxd4 13. cxd4 O-O 14. Rc1 Qb6 15.
Ne5 Rfe8 16. Bb1 Nf8 17. b3 Ne4 18. Bxe7 Rxe7 19. f3 Nd6 20. Rc5 f6 21. Ng4 Qb4
22. Re1 Nb5 23. Ne3 Nxd4 24. Nxd5 exd5 0-1

[Event "13. KUP SS OBZ"]
[Site "Valpovo"]
[Date "2020.02.21"]
[Round "1.2"]
[White "Aleksic, Robert"]
[Black "Krscanski, Davor"]
[Result "1-0"]
[WhiteElo "2148"]
[BlackElo "1581"]
[PlyCount "81"]
[EventDate "2020.02.21"]
[WhiteTeam "ŠK SLAVONAC, Našice"]
[BlackTeam "ŠK VIŠNJEVAC, Višnjevac"]

1. e4 d6 2. d4 g6 3. Nc3 Bg7 4. Be3 Nf6 5. f3 c6 6. Qd2 b5 7. Nge2 Qc7 8. g4 b4
9. Nd1 a5 10. a3 c5 11. Nf2 Ba6 12. axb4 cxb4 13. c3 Nc6 14. Nf4 Bxf1 15. Kxf1
O-O 16. Rc1 Qb7 17. Kg2 e5 18. Ne2 d5 19. g5 dxe4 20. fxe4 exd4 21. cxd4 Nh5
22. d5 Ne5 23. Nd4 Rad8 24. Rc5 Nd7 25. Rxa5 Rfe8 26. Nc6 Ra8 27. Rha1 Rxa5 28.
Rxa5 Ne5 29. Ra7 Qc8 30. Nxe5 Bxe5 31. Qxb4 Bf4 32. Qd2 Bb8 33. Ra1 Rd8 34. Rc1
Qd7 35. Rc6 f5 36. gxf6 Qxc6 37. dxc6 Rxd2 38. Bxd2 Nxf6 39. b4 Kf7 40. b5 Bc7
41. Be3 1-0

[Event "13. KUP SS OBZ"]
[Site "Valpovo"]
[Date "2020.02.21"]
[Round "1.3"]
[White "Borzan, Andrej"]
[Black "Bosnjak, Nino"]
[Result "0-1"]
[WhiteElo "1970"]
[BlackElo "2252"]
[PlyCount "76"]
[EventDate "2020.02.21"]
[WhiteTeam "ŠK FERIT-OSIJEK II, Osijek"]
[BlackTeam "ŠK HRVATSKA ČITAONICA, Valpovo"]

1. d4 Nf6 2. c4 e6 3. Nc3 Bb4 4. Qc2 d5 5. Bg5 h6 6. Bh4 c5 7. cxd5 g5 8. Bg3
Qa5 9. Be5 Nxd5 10. dxc5 Rf8 11. e4 Nxc3 12. Bxc3 Bxc3+ 13. Qxc3 Qxc3+ 14. bxc3
Nd7 15. Bb5 a6 16. Ba4 Ke7 17. Bxd7 Bxd7 18. Rb1 Bc6 19. f3 f5 20. e5 Rad8 21.
Ne2 Rd5 22. Kf2 Rxc5 23. Nd4 Bd5 24. Rhc1 Rfc8 25. Ne2 R8c7 26. Rb2 Bc4 27. f4
Bxe2 28. Kxe2 gxf4 29. Kf3 Rxc3+ 30. Rxc3 Rxc3+ 31. Kxf4 Rc4+ 32. Kf3 b5 33.
Rb3 Ra4 34. a3 Re4 35. Rc3 Rxe5 36. Rc7+ Kf6 37. Ra7 Re4 38. Rxa6 Ra4 0-1

[Event "13. KUP SS OBZ"]
[Site "Valpovo"]
[Date "2020.02.21"]
[Round "1.3"]
[White "Sucic, Mihael"]
[Black "Topalic, Fran"]
[Result "1-0"]
[WhiteElo "1992"]
[BlackElo "1756"]
[PlyCount "79"]
[EventDate "2020.02.21"]
[WhiteTeam "ŠK HRVATSKA ČITAONICA, Valpovo"]
[BlackTeam "ŠK FERIT-OSIJEK II, Osijek"]

1. d4 d5 2. c4 e6 3. Nc3 Nf6 4. Bg5 Nbd7 5. cxd5 exd5 6. e3 c6 7. Bd3 Bd6 8.
Nge2 h6 9. Bh4 O-O 10. f3 Re8 11. Qd2 Qc7 12. Bg3 Nf8 13. O-O Nh5 14. Bxd6 Qxd6
15. e4 c5 16. Nxd5 cxd4 17. Nxd4 a6 18. Rac1 Rd8 19. Rfd1 Nf6 20. Bc4 Rb8 21.
Ne6 Bxe6 22. Nxf6+ gxf6 23. Qxd6 Rxd6 24. Rxd6 Rc8 25. b3 b5 26. Rxa6 bxc4 27.
bxc4 Rc5 28. a4 Nd7 29. Ra8+ Kg7 30. a5 Bxc4 31. Rd8 Ne5 32. f4 Nc6 33. Rc8
Rxa5 34. Rxc4 Ne7 35. R8c7 Ng6 36. g3 Ra1+ 37. Kg2 Ra2+ 38. Kh3 Re2 39. Ra7 Nh8
40. f5 1-0

[Event "13. KUP SS OBZ"]
[Site "Valpovo"]
[Date "2020.02.21"]
[Round "1.3"]
[White "Matota, Dominik"]
[Black "Safranko, Zeljko"]
[Result "1-0"]
[WhiteElo "1776"]
[BlackElo "1851"]
[PlyCount "67"]
[EventDate "2020.02.21"]
[WhiteTeam "ŠK FERIT-OSIJEK II, Osijek"]
[BlackTeam "ŠK HRVATSKA ČITAONICA, Valpovo"]

1. e4 c5 2. Nf3 Nc6 3. d4 cxd4 4. Nxd4 g6 5. Nc3 Bg7 6. Be3 d6 7. Be2 Nf6 8.
Nb3 Be6 9. Qd2 O-O 10. f3 Ne5 11. g4 a6 12. Nd4 Bc4 13. g5 Nfd7 14. f4 Bxe2 15.
Qxe2 Nc6 16. O-O-O Qa5 17. Nb3 Qd8 18. h4 Rc8 19. h5 Nb4 20. Kb1 d5 21. hxg6
fxg6 22. Nd4 Rf7 23. Ne6 Qe8 24. Nxg7 Rxg7 25. f5 gxf5 26. exf5 Qf7 27. g6 hxg6
28. fxg6 Rxg6 29. Qh5 Qg7 30. Rdg1 Ne5 31. Rxg6 Nxg6 32. Rg1 Kf7 33. Qf5+ Qf6
34. Qxc8 1-0

[Event "13. KUP SS OBZ"]
[Site "Valpovo"]
[Date "2020.02.21"]
[Round "1.3"]
[White "Martinovic, Josip"]
[Black "Borzan, Matej"]
[Result "0-1"]
[WhiteElo "1687"]
[BlackElo "1671"]
[PlyCount "64"]
[EventDate "2020.02.21"]
[WhiteTeam "ŠK HRVATSKA ČITAONICA, Valpovo"]
[BlackTeam "ŠK FERIT-OSIJEK II, Osijek"]

1. d4 Nf6 2. c4 g6 3. Nc3 Bg7 4. e4 d6 5. Nf3 O-O 6. Bd3 Nbd7 7. Bd2 e5 8. d5
Nc5 9. Bc2 a5 10. O-O Bd7 11. a3 a4 12. b4 axb3 13. Bxb3 Nfxe4 14. Bc2 Nxd2 15.
Nxd2 f5 16. Ra2 e4 17. Nb5 Be5 18. f4 Bg7 19. Nb3 Bxb5 20. cxb5 Na4 21. Nd4 Nc3
22. Ne6 Qe7 23. Qd2 Nxa2 24. Bb3 Nc3 25. Rc1 Bf6 26. a4 Nxa4 27. Rxc7 Qe8 28.
Qb4 Nc5 29. Nxc5 dxc5 30. Qxc5 Ra1+ 31. Kf2 e3+ 32. Ke2 Rb1 0-1

[Event "13. KUP SS OBZ"]
[Site "Valpovo"]
[Date "2020.02.21"]
[Round "1.4"]
[White "Roklicer, Heike"]
[Black "Damjanovic, Stjepan"]
[Result "0-1"]
[WhiteElo "2020"]
[BlackElo "1768"]
[PlyCount "148"]
[EventDate "2020.02.21"]
[WhiteTeam "ŠK DONJI MIHOLJAC, Donji Miholjac"]
[BlackTeam "ŠK AMATER, Strizivojna"]

1. b3 d5 2. Bb2 Nf6 3. e3 e6 4. Nf3 b6 5. Be2 Bb7 6. c4 Be7 7. Na3 Nbd7 8. Rc1
c5 9. O-O O-O 10. cxd5 exd5 11. Qc2 Rc8 12. Rfd1 Re8 13. Qf5 a6 14. d4 Ne4 15.
Bd3 Bf6 16. Ba1 Qe7 17. dxc5 Bxa1 18. Rxa1 Ndxc5 19. Bf1 Nxf2 20. Re1 Nfe4 21.
Nd4 Qf6 22. Qxf6 Nxf6 23. Nac2 Re4 24. Rad1 g6 25. h3 Re7 26. Nb4 Rce8 27. Nbc2
Nfe4 28. a3 Nd6 29. Be2 Nce4 30. Bd3 Rc7 31. Nb4 a5 32. Na2 Nc5 33. Bc2 Rce7
34. Kf2 Nde4+ 35. Bxe4 Nxe4+ 36. Kf3 Ba6 37. Rc1 Nc5 38. Rc3 Nd3 39. Rxd3 Bxd3
40. Nc3 Be4+ 41. Kf2 Rc8 42. Ncb5 Bd3 43. Rd1 Bxb5 44. Nxb5 Rc2+ 45. Kf3 Re5
46. Nd4 Rc3 47. Re1 Re4 48. Kf2 Rd3 49. Re2 Kg7 50. a4 Kf6 51. Rc2 Kg7 52. Re2
h6 53. g3 Rdxd4 54. exd4 Rxd4 55. Re3 g5 56. Rc3 h5 57. Ke2 f6 58. Rc6 Rb4 59.
Rc3 Kg6 60. Rd3 d4 61. Kf3 Kf5 62. g4+ hxg4+ 63. hxg4+ Ke5 64. Kf2 Kf4 65. Rg3
d3 66. Rxd3 Kxg4 67. Rg3+ Kh4 68. Rc3 f5 69. Rd3 g4 70. Rc3 f4 71. Rd3 g3+ 72.
Kg2 Kg4 73. Rc3 Rd4 74. Rc6 f3+ 0-1

[Event "13. KUP SS OBZ"]
[Site "Valpovo"]
[Date "2020.02.21"]
[Round "1.4"]
[White "Juric, Ester"]
[Black "Sos, Fran"]
[Result "0-1"]
[WhiteElo "1599"]
[BlackElo "1990"]
[PlyCount "50"]
[EventDate "2020.02.21"]
[WhiteTeam "ŠK AMATER, Strizivojna"]
[BlackTeam "ŠK DONJI MIHOLJAC, Donji Miholjac"]

1. d4 Nf6 2. c4 c5 3. d5 b5 4. cxb5 a6 5. bxa6 Bxa6 6. e3 Bxf1 7. Kxf1 g6 8.
Ne2 Bg7 9. g3 d6 10. Nbc3 Nbd7 11. Kg2 Qa5 12. e4 O-O 13. Qc2 Rfb8 14. Bd2 Ne5
15. b3 Qa6 16. Nc1 c4 17. f4 cxb3 18. Nxb3 Nc4 19. Rad1 Ng4 20. Kf3 Qb6 21.
Kxg4 Qf2 22. Qd3 Qg2 23. e5 dxe5 24. f5 Bf6 25. fxg6 h5+ 0-1

[Event "13. KUP SS OBZ"]
[Site "Valpovo"]
[Date "2020.02.21"]
[Round "1.4"]
[White "Cupic, Tvrtko"]
[Black "Mandaric, Fran"]
[Result "1/2-1/2"]
[WhiteElo "1890"]
[BlackElo "1574"]
[PlyCount "143"]
[EventDate "2020.02.21"]
[WhiteTeam "ŠK DONJI MIHOLJAC, Donji Miholjac"]
[BlackTeam "ŠK AMATER, Strizivojna"]

1. e4 c5 2. Nf3 Nc6 3. d4 cxd4 4. Nxd4 g6 5. Nc3 Bg7 6. Be3 d6 7. Bb5 Bd7 8.
Qd2 Nf6 9. O-O-O Ng4 10. Bxc6 Bxc6 11. Bg5 Qb6 12. Nxc6 bxc6 13. f3 Rb8 14. b3
Qb4 15. Nb1 Qxd2+ 16. Rxd2 Bh6 17. h4 Bxg5 18. hxg5 Ne5 19. Nc3 Nd7 20. g3 Nb6
21. Rdh2 h5 22. gxh6 Rh7 23. g4 f6 24. f4 Kf7 25. g5 Rbh8 26. Rf2 Nd7 27. Rd1
Nc5 28. e5 dxe5 29. fxe5 f5 30. Rf4 Ne6 31. Rc4 Nxg5 32. Rxc6 Rxh6 33. Rd7 Rh1+
34. Kb2 Ne6 35. Nb5 Rd8 36. Rxa7 f4 37. Nd6+ Kf8 38. Nb7 f3 39. Rc3 Nd4 40.
Rxf3+ Nxf3 41. Nxd8 Nxe5 42. Ne6+ Kf7 43. Nd8+ Ke8 44. Ne6 Rg1 45. Ra5 Re1 46.
Ng5 Nc6 47. Ra8+ Kd7 48. Rg8 Rg1 49. Rxg6 Ne5 50. Rg7 Nf3 51. Rxe7+ Kxe7 52.
Nxf3 Rg3 53. Nd4 Rg4 54. Nc6+ Kd6 55. Na5 Rg5 56. Nc4+ Kc6 57. a4 Kc5 58. Na3
Rg2 59. Nb1 Kb4 60. Nc3 Rd2 61. Ne4 Re2 62. Nd6 Rd2 63. Nb5 Rh2 64. Kc1 Rh1+
65. Kd2 Rh2+ 66. Kd3 Rh3+ 67. Ke4 Rh4+ 68. Kd5 Rh5+ 69. Kc6 Rc5+ 70. Kb6 Rxc2
71. a5 Rc5 72. Nd4 1/2-1/2

[Event "13. KUP SS OBZ"]
[Site "Valpovo"]
[Date "2020.02.21"]
[Round "1.4"]
[White "Juric, Matea"]
[Black "Ronta, Ivan"]
[Result "0-1"]
[WhiteElo "1567"]
[BlackElo "1788"]
[PlyCount "54"]
[EventDate "2020.02.21"]
[WhiteTeam "ŠK AMATER, Strizivojna"]
[BlackTeam "ŠK DONJI MIHOLJAC, Donji Miholjac"]

1. e4 d5 2. exd5 Nf6 3. d3 Nxd5 4. Nf3 g6 5. Be2 Bg7 6. c3 Nc6 7. Qc2 O-O 8.
O-O Nb6 9. Be3 Bf5 10. Qd2 e5 11. Rd1 Qe7 12. Bxb6 axb6 13. Na3 Rad8 14. Qe1
Rfe8 15. h3 h5 16. Nc4 Rd7 17. Ne3 Be6 18. h4 Ra8 19. c4 Bh6 20. Qc3 Nd4 21.
Re1 Nxf3+ 22. Bxf3 Qxh4 23. Bxb7 Rad8 24. Bd5 Bxd5 25. Nxd5 c6 26. Nb4 Bf4 27.
Kf1 Rd4 0-1

[Event "13. KUP SS OBZ"]
[Site "Valpovo"]
[Date "2020.02.22"]
[Round "2.1"]
[White "Berke, Ana"]
[Black "Grandic, Zvjezdan"]
[Result "0-1"]
[WhiteElo "2113"]
[BlackElo "2176"]
[PlyCount "98"]
[EventDate "2020.02.21"]
[WhiteTeam "ŠK BELIŠĆE, Belišće"]
[BlackTeam "ŠK SLAVONAC, Našice"]

1. d4 Nf6 2. Bf4 e6 3. e3 Be7 4. c3 b6 5. Nd2 O-O 6. Ngf3 Nd5 7. Bg3 f5 8. Bd3
Ba6 9. Bxa6 Nxa6 10. Qe2 Nb8 11. e4 fxe4 12. Qxe4 Nc6 13. h4 Bd6 14. Bxd6 cxd6
15. Ng5 Nf6 16. Qd3 d5 17. O-O-O Rb8 18. Ndf3 Qc7 19. Kb1 b5 20. Rde1 b4 21.
Ne5 Nxe5 22. dxe5 Ne4 23. Rxe4 dxe4 24. Qxe4 g6 25. c4 b3 26. a3 Qb7 27. h5
Qxe4+ 28. Nxe4 Kg7 29. h6+ Kg8 30. Rd1 Rb7 31. g4 g5 32. Nc5 Rc7 33. Nxd7 Rxf2
34. Nf6+ Kf7 35. Ne4 Re2 36. Nxg5+ Ke7 37. Nxh7 Rxc4 38. Rc1 Rxc1+ 39. Kxc1
Rc2+ 40. Kd1 Rxb2 41. Nf6 Rh2 42. Ne4 Rh1+ 43. Kd2 b2 44. Nc3 b1=Q 45. Nxb1
Rxb1 46. g5 Kf7 47. Kc3 Rb5 48. Kd4 Kg6 49. a4 Rd5+ 0-1

[Event "13. KUP SS OBZ"]
[Site "Valpovo"]
[Date "2020.02.22"]
[Round "2.1"]
[White "Dutina, Dario"]
[Black "Basrak, Srdjan"]
[Result "1-0"]
[WhiteElo "2228"]
[BlackElo "2210"]
[PlyCount "111"]
[EventDate "2020.02.21"]
[WhiteTeam "ŠK SLAVONAC, Našice"]
[BlackTeam "ŠK BELIŠĆE, Belišće"]

1. e4 c6 2. d4 d5 3. exd5 cxd5 4. Bd3 Nc6 5. c3 Nf6 6. h3 e5 7. dxe5 Nxe5 8.
Qe2 Qe7 9. Bc2 Qe6 10. Nd2 Bd6 11. Ngf3 Nxf3+ 12. Nxf3 Qxe2+ 13. Kxe2 b6 14.
Ba4+ Bd7 15. Bxd7+ Kxd7 16. Rd1 h6 17. Be3 Rhe8 18. Kf1 Bc5 19. Bd4 Bxd4 20.
Nxd4 Re5 21. Rd3 Rc8 22. Rad1 a6 23. Nc2 Ke6 24. g4 h5 25. Nd4+ Kd7 26. Nf3 Re7
27. g5 Ne4 28. Rxd5+ Ke8 29. Nd4 Kf8 30. Nf5 Re6 31. Rd8+ Re8 32. R8d5 Rc5 33.
h4 g6 34. Rxc5 Nxc5 35. Ne3 Re4 36. Rd4 Re6 37. b4 Ne4 38. c4 a5 39. a3 axb4
40. axb4 f6 41. gxf6 Nxf6 42. Nd5 Nxd5 43. cxd5 Re5 44. f3 Ke7 45. d6+ Kd7 46.
Kf2 Re6 47. Kg3 Rxd6 48. Rxd6+ Kxd6 49. Kf4 Ke6 50. Kg5 Kf7 51. f4 Kg7 52. f5
gxf5 53. Kxf5 b5 54. Kg5 Kf7 55. Kxh5 Kf6 56. Kg4 1-0

[Event "13. KUP SS OBZ"]
[Site "Valpovo"]
[Date "2020.02.22"]
[Round "2.1"]
[White "Buric, Danijel"]
[Black "Aleksic, Robert"]
[Result "1/2-1/2"]
[WhiteElo "2169"]
[BlackElo "2148"]
[PlyCount "107"]
[EventDate "2020.02.21"]
[WhiteTeam "ŠK BELIŠĆE, Belišće"]
[BlackTeam "ŠK SLAVONAC, Našice"]

1. d4 d5 2. c4 e6 3. Nc3 Nf6 4. Bg5 Be7 5. e3 h6 6. Bh4 Nbd7 7. Nf3 O-O 8. Bd3
c6 9. cxd5 exd5 10. Bc2 Re8 11. Ne5 Ne4 12. Bg3 Nxe5 13. dxe5 Bf5 14. Nxe4 Bxe4
15. Bxe4 dxe4 16. Qa4 Bh4 17. Rd1 Qe7 18. f4 f5 19. Qb3+ Kh7 20. O-O Bxg3 21.
hxg3 Rad8 22. Qc4 h5 23. Rd4 c5 24. Rdd1 b6 25. Qe2 g6 26. Rxd8 Rxd8 27. Rd1
Rd7 28. Rd2 Qd8 29. Rxd7+ Qxd7 30. Qc4 Kg7 31. e6 Qe7 32. Qd5 h4 33. Qe5+ Kh7
34. g4 fxg4 35. f5 gxf5 36. Qxf5+ Kg7 37. Qxg4+ Kf8 38. Qxe4 Kg7 39. Qe5+ Kg8
40. Kf2 a5 41. Kf3 a4 42. Ke4 c4 43. Qb8+ Kh7 44. Kf5 a3 45. Qe5 Qf8+ 46. Ke4
Qa8+ 47. Kd4 Qxg2 48. bxa3 Qg4+ 49. Kc3 Qg6 50. Qd5 Qh6 51. Qf5+ Qg6 52. Qh3
Qd3+ 53. Kb4 Qd2+ 54. Kxc4 1/2-1/2

[Event "13. KUP SS OBZ"]
[Site "Valpovo"]
[Date "2020.02.22"]
[Round "2.1"]
[White "Miletic, Josip"]
[Black "Huis, Dinko"]
[Result "0-1"]
[WhiteElo "2151"]
[BlackElo "2145"]
[PlyCount "68"]
[EventDate "2020.02.21"]
[WhiteTeam "ŠK SLAVONAC, Našice"]
[BlackTeam "ŠK BELIŠĆE, Belišće"]

1. e4 c5 2. Nf3 d6 3. c3 Nf6 4. Be2 e5 5. O-O Be7 6. Re1 O-O 7. Bf1 Nc6 8. h3
a6 9. a4 Rb8 10. d4 b5 11. axb5 axb5 12. Na3 b4 13. Nc4 exd4 14. cxd4 d5 15.
exd5 Nxd5 16. dxc5 Bxc5 17. Bd3 h6 18. Be4 Be6 19. b3 Nc3 20. Qc2 Nxe4 21. Qxe4
Nd4 22. Nxd4 Qxd4 23. Bf4 Qxf2+ 24. Kh1 Rbd8 25. Rad1 Bd5 26. Rxd5 Rxd5 27. Bh2
Qf5 28. Qe2 Qd3 29. Qa2 Rfd8 30. Qa4 Qf5 31. Qa1 Qc2 32. Bg1 Rd1 33. Qe5 Rxe1
34. Qxe1 Bxg1 0-1

[Event "13. KUP SS OBZ"]
[Site "Valpovo"]
[Date "2020.02.22"]
[Round "2.2"]
[White "Bosnjak, Nino"]
[Black "Jeszenszky, Jozsef"]
[Result "1-0"]
[WhiteElo "2252"]
[BlackElo "2117"]
[PlyCount "95"]
[EventDate "2020.02.21"]
[WhiteTeam "ŠK HRVATSKA ČITAONICA, Valpovo"]
[BlackTeam "ŠK DONJI MIHOLJAC, Donji Miholjac"]

1. d4 d5 2. c4 e6 3. Nf3 Nf6 4. g3 Bb4+ 5. Bd2 Be7 6. Bg2 c6 7. Qb3 b6 8. cxd5
cxd5 9. Ne5 O-O 10. Nc3 Nfd7 11. Nxd5 exd5 12. Qxd5 Nxe5 13. Qxd8 Rxd8 14. dxe5
Nc6 15. Bxc6 Rb8 16. Bc3 Be6 17. Bb5 Rbc8 18. a3 Bb3 19. O-O Bc5 20. Bd3 g6 21.
Rac1 Bf8 22. f4 a5 23. Bd2 Rxc1 24. Rxc1 Bc5+ 25. Kf1 Bd4 26. Bc3 Be3 27. Rb1
Be6 28. h4 h5 29. Bc2 Rc8 30. Bd3 Ba2 31. Ra1 Be6 32. Be4 Bb3 33. Kg2 Bc5 34.
Kf3 Be6 35. e3 Be7 36. Ke2 Kf8 37. Bd3 Bg4+ 38. Kd2 Rd8 39. Bd4 Rb8 40. Rc1 b5
41. Bc5 b4 42. axb4 axb4 43. e4 Be6 44. Bd6 Rb6 45. Bc7 Rb7 46. Ke3 Ra7 47. f5
Bb3 48. f6 1-0

[Event "13. KUP SS OBZ"]
[Site "Valpovo"]
[Date "2020.02.22"]
[Round "2.2"]
[White "Roklicer, Heike"]
[Black "Sucic, Mihael"]
[Result "1-0"]
[WhiteElo "2020"]
[BlackElo "1992"]
[PlyCount "91"]
[EventDate "2020.02.21"]
[WhiteTeam "ŠK DONJI MIHOLJAC, Donji Miholjac"]
[BlackTeam "ŠK HRVATSKA ČITAONICA, Valpovo"]

1. d4 Nf6 2. c4 e6 3. Nc3 Bb4 4. a3 Bxc3+ 5. bxc3 Ne4 6. Qc2 f5 7. Nh3 O-O 8.
f3 Nf6 9. Bg5 h6 10. Bd2 d6 11. Nf2 e5 12. e3 Qe7 13. Bd3 Nh5 14. O-O c5 15. d5
f4 16. exf4 Nxf4 17. Bxf4 Rxf4 18. Rae1 Na6 19. Qb1 Rb8 20. Re4 Rf7 21. Re2 Bd7
22. Rb2 b6 23. a4 Nc7 24. a5 b5 25. cxb5 Nxd5 26. Bc4 Be6 27. Bxd5 Bxd5 28. Qd3
Ba8 29. c4 Rd8 30. Ne4 d5 31. cxd5 Bxd5 32. Qe3 Bxe4 33. Qxe4 Rd4 34. Qe3 Rf6
35. Re1 Re6 36. Rd2 Qd7 37. Rxd4 cxd4 38. Qd3 Qc7 39. Qb3 Kf7 40. Qa2 Qc3 41.
Rxe5 Qc8 42. Kf2 Kf6 43. Qxe6+ Qxe6 44. Rxe6+ Kxe6 45. b6 axb6 46. a6 1-0

[Event "13. KUP SS OBZ"]
[Site "Valpovo"]
[Date "2020.02.22"]
[Round "2.2"]
[White "Skelac, Darko"]
[Black "Sos, Fran"]
[Result "0-1"]
[WhiteElo "2072"]
[BlackElo "1990"]
[PlyCount "140"]
[EventDate "2020.02.21"]
[WhiteTeam "ŠK HRVATSKA ČITAONICA, Valpovo"]
[BlackTeam "ŠK DONJI MIHOLJAC, Donji Miholjac"]

1. d4 Nf6 2. Bf4 c5 3. e3 g6 4. c3 Bg7 5. Nf3 cxd4 6. exd4 d6 7. Bd3 Nc6 8. O-O
O-O 9. Re1 Re8 10. h3 e5 11. dxe5 dxe5 12. Nxe5 Nh5 13. Nxf7 Kxf7 14. Be3 Be6
15. Qc2 Rc8 16. Be2 Nf6 17. Nd2 Nd5 18. Bf3 Nxe3 19. Rxe3 Bh6 20. Rd3 Nb4 21.
Rxd8 Nxc2 22. Rxe8 Rxe8 23. Rd1 Bf5 24. Nc4 Re1+ 25. Rxe1 Nxe1 26. Bxb7 Kf6 27.
Nd6 Bd3 28. a4 Bc1 29. b4 Bd2 30. Ne4+ Bxe4 31. Bxe4 Bxc3 32. b5 Ke5 33. f3 Kd4
34. h4 Nd3 35. h5 Ne5 36. hxg6 hxg6 37. Kf2 g5 38. Ke2 Nd7 39. Bc2 Nf6 40. g3
Nd5 41. Bb3 Bb4 42. Kf2 Nc3 43. f4 gxf4 44. gxf4 Ke4 45. f5 Kxf5 46. Ke3 Ke5
47. Kd3 Nd5 48. Kc4 Kd6 49. Ba2 Be1 50. Bb1 Nb6+ 51. Kb3 Kc5 52. Bf5 Nc4 53.
Be6 Na5+ 54. Ka3 Bd2 55. Bd7 Bc1+ 56. Ka2 Kb4 57. Kb1 Be3 58. Kc2 Bb6 59. Kd3
Nb3 60. Be8 Nc5+ 61. Kc2 Nxa4 62. Bd7 Nc3 63. Be6 Nxb5 64. Bg8 a5 65. Bf7 a4
66. Kb2 Bd4+ 67. Ka2 Nc3+ 68. Ka1 Ka3 69. Bg8 Be3 70. Bb3 Bc1 0-1

[Event "13. KUP SS OBZ"]
[Site "Valpovo"]
[Date "2020.02.22"]
[Round "2.2"]
[White "Ronta, Ivan"]
[Black "Martinovic, Josip"]
[Result "0-1"]
[WhiteElo "1788"]
[BlackElo "1687"]
[PlyCount "36"]
[EventDate "2020.02.21"]
[WhiteTeam "ŠK DONJI MIHOLJAC, Donji Miholjac"]
[BlackTeam "ŠK HRVATSKA ČITAONICA, Valpovo"]

1. e4 e6 2. d4 d5 3. exd5 exd5 4. c4 Nf6 5. Nc3 Nc6 6. Nf3 Bg4 7. Be2 Be7 8.
O-O O-O 9. Be3 dxc4 10. d5 Bxf3 11. Bxf3 Ne5 12. Be2 Bb4 13. f4 Nd3 14. Bxd3
cxd3 15. Qxd3 Bxc3 16. bxc3 Qxd5 17. Qc2 Qe4 18. Qf2 Ng4 0-1

[Event "13. KUP SS OBZ"]
[Site "Valpovo"]
[Date "2020.02.22"]
[Round "2.3"]
[White "Domazet, Zvonko"]
[Black "Borzan, Andrej"]
[Result "1/2-1/2"]
[WhiteElo "1725"]
[BlackElo "1970"]
[PlyCount "48"]
[EventDate "2020.02.21"]
[WhiteTeam "ŠK ĐAKOVO LIM-MONT III, Đakovo"]
[BlackTeam "ŠK FERIT-OSIJEK II, Osijek"]

1. d4 d5 2. c4 e6 3. Nc3 Nf6 4. Nf3 Be7 5. cxd5 exd5 6. e3 O-O 7. Bd3 h6 8. O-O
b6 9. b3 Bb7 10. Bd2 Nbd7 11. Qe2 Ne4 12. Be1 a6 13. Qc2 f5 14. Nd2 Bg5 15. f4
Bf6 16. Rc1 c5 17. Nf3 Rc8 18. Qe2 b5 19. Ne5 Nb6 20. Qh5 Bxe5 21. fxe5 cxd4
22. exd4 Qd7 23. Ne2 Rxc1 24. Nxc1 Nc8 1/2-1/2